• 首页
  • 本馆介绍
  • 公告通知
  • 最新文献
  • 馆藏检索
  • 电子资源
  • 读者导购
  • 参考咨询
  • 我的图书馆
  • 登录
  • 详细信息显示
  • 放入我的书架
  • 预约/预借图书
  • 作者相关作品
  • 分类相关作品
  • 丛书相关作品
  • 出版社相关作品

书目信息

  • 表格格式
  • 工作单格式
  • 卡片格式
题名:
无人机警务实战应用研究
    
 
作者: 李宁 著
分册:  
出版信息: 南京   东南大学出版社  2020.9
页数: 198页
开本: 25cm
丛书名:
单 册:
中图分类: D631 , V279
科图分类:
主题词: 无人驾驶飞机--wu ren jia shi fei ji--应用--公安工作--中国
电子资源:
ISBN: 978-7-5641-8804-7
000 00973nam0 2200241 450
001 2133105621
005 20211025190356.0
010    @a978-7-5641-8804-7@dCNY58.00
100    @a20201022d2020 em y0chiy50 ea
101 0  @achi
102    @aCN@b320000
105    @ay z 000yy
106    @ar
200 1  @a无人机警务实战应用研究@Awu ren ji jing wu shi zhan ying yong yan jiu@f李宁著
210    @a南京@c东南大学出版社@d2020.9
215    @a198页@d25cm
330    @a本书以无人机为研究对象,对无人机在警务领域的应用进行探索,并结合实例向读者展示了警用无人机实战应用。全书分为八章,分别介绍了民用无人机的种类和性能特点,警用无人机在交通执法、侦查取证、大型安保活动、反恐处突事件、搜索救援等情形下的应用,总结警用无人机实战应用优劣以及技术更新措施等。
606 0  @a无人驾驶飞机@Awu ren jia shi fei ji@x应用@x公安工作@y中国
690    @aD631@v5
690    @aV279@v5
701  0 @a李宁@Ali ning@f(1973-)@4著
801  0 @aCN@b百万庄@c20211025
905    @b1312133-36@dD631@e439@f4
    
    无人机警务实战应用研究/李宁著.-南京:东南大学出版社,2020.9
    198页;25cm
    
    
    ISBN 978-7-5641-8804-7:CNY58.00
    本书以无人机为研究对象,对无人机在警务领域的应用进行探索,并结合实例向读者展示了警用无人机实战应用。全书分为八章,分别介绍了民用无人机的种类和性能特点,警用无人机在交通执法、侦查取证、大型安保活动、反恐处突事件、搜索救援等情形下的应用,总结警用无人机实战应用优劣以及技术更新措施等。
●
相关链接 在E读中查询图书 在五车中查询图书 在当当中查询图书 在豆瓣中查询图书


正题名:无人机警务实战应用研究     索取号:D631/439         预约/预借

序号 登录号 条形码 馆藏地/架位号 状态 备注
1 1312133   213121334   第一样本阅览室/ [索取号:D631/439] 在馆    
2 1312134   213121343   第一借阅区/ [索取号:D631/439] 在馆    
3 1312135   213121352   第一借阅区/ [索取号:D631/439] 在馆    
4 1312136   213121361   第一借阅区/ [索取号:D631/439] 在馆    
唐山师范学院图书馆 欢迎您!
大连网信软件有限公司© 版权所有